Länder i Saharaöknen - Statistics

General Stats
  • This quiz has been taken 12 times
  • The average score is 8 of 10
Answer Stats
Land % Correct
Egypten
90%
Mali
90%
Niger
90%
Tchad
90%
Algeriet
80%
Libyen
80%
Marocko
80%
Tunisien
80%
Mauretanien
70%
Sudan
60%
No matching quizzes found
Score Distribution
Percent of People with Each Score
Percentile by Number Answered
Your Score History
You have not taken this quiz